000 00460nam a2200157Ia 4500
008 231217s9999 xx 000 0 und d
020 _a876927371
041 _aEnglish
082 _a001.6424UNI USL;1 R
100 _aUnix System Laboratories
245 0 _aUnix system V, release 4 BSD/XENIX compatability guide
260 _c1992
_bPrentice Hall
_aNew Delhi
300 _aIII+10.89
650 _aUnix,V,,release,4,BSD/XENIX,compatability
942 _cAA
999 _c182517
_d182517